Countries that Touched the Equator in 1945 - Statistics

General Stats
  • This quiz has been taken 50 times
  • The average score is 7 of 8
Answer Stats
Answer % Correct
Brazil
98%
France
94%
United Kingdom
91%
Ecuador
89%
Indonesia
87%
Colombia
85%
Belgium
79%
Portugal
72%
No matching quizzes found
Score Distribution
Percent of People with Each Score
Percentile by Number Answered
Your Score History
You have not taken this quiz